| 000 | 01210cam a2200325 a 4500 | ||
|---|---|---|---|
| 001 | 1071596 | ||
| 003 | OSt | ||
| 005 | 20240621094840.0 | ||
| 008 | 911002s1992 nyua 001 0 eng | ||
| 010 | _a 91035885 | ||
| 020 | _a0471804584 (lib. bdg. : v. 1) | ||
| 020 | _a0471804576 (v. 2) | ||
| 040 |
_aDLC _cMUST _dDLC |
||
| 082 | 0 | 0 | _a530 HAL 1992 |
| 100 | 1 |
_aResnick, Robert, _d1923- _97976 |
|
| 245 | 1 | 0 |
_aPhysics / _cRobert Resnick, David Halliday, Kenneth S. Krane. |
| 250 | _a4th ed. | ||
| 260 |
_aNew York : _bWiley, _c1992. |
||
| 300 |
_a2 v. (1020, [34] p.) : _bill. ; _c29 cm. |
||
| 500 | _aVol. 2 by David Halliday, Robert Resnick, Kenneth S. Krane. | ||
| 500 | _aIncludes indexes. | ||
| 650 | 0 |
_aPhysics. _9809 |
|
| 700 | 1 |
_aHalliday, David, _d1916- _98316 |
|
| 700 | 1 |
_aKrane, Kenneth S. _97381 |
|
| 856 | 4 |
_3Table of Contents only _uhttp://www.loc.gov/catdir/toc/onix05/91035885.html |
|
| 856 | 4 | 2 |
_3Publisher description _uhttp://www.loc.gov/catdir/enhancements/fy0607/91035885-d.html |
| 906 |
_a7 _bcbc _corignew _d1 _eocip _f19 _gy-gencatlg |
||
| 942 |
_2ddc _cO_SHELF |
||
| 999 |
_c8679 _d8679 |
||